| 000 | 00551nmm a2200229 a 4500 | ||
|---|---|---|---|
| 003 | AR-BaBNM | ||
| 005 | 20251128211422.0 | ||
| 008 | 104020s1979 ||||||||||||||000 | spa|| | ||
| 040 | _cAR-BaBNM | ||
| 100 | 1 | _aCarpentier, Alejo | |
| 245 | 1 | 0 | _aConcierto barroco |
| 260 |
_aLa Habana _bLetras Cubanas _c1979 |
||
| 300 | _a93 p. | ||
| 650 | 4 | _aFORMAS Y GEN | |
| 650 | 4 | _aLITERATURA CONTEMPORANEA | |
| 650 | 4 | _aMUSICA CLASICA | |
| 653 | _aNARRATIVA | ||
| 653 | _aLITERATURA CUBANA | ||
| 655 | _aLITERATURA | ||
| 942 | _cBK | ||
| 998 | _cmartin | ||
| 999 |
_c19601 _d19601 |
||